Quiz su Roma - Statistics

Statistiche generali
  • Questo quiz è stato fatto 618 volte
  • Il punteggio medio è 17 su 27
Statistiche sulle risposte
Domanda Risposta % Corretto
Leggendario fondatore e primo re di Roma Romolo
98%
Famosa fontana nel quale i turisti lanciano una moneta Fontana di {Trevi}
95%
Nazione indipendente interamente circondata dalla città di Roma Città del Vaticano
93%
Fiume che attraversa la città Tevere
93%
Antica arena dei gladiatori che è uno dei siti turistici più popolari di Roma Colosseo
88%
Regione italiana dove si trova Roma Lazio
87%
Soprannome della città di Roma Città {Eterna}
82%
E' il vescovo di Roma Il Papa
75%
Tempio con caratteristica cupola completato nel 126 d.C. Pantheon
70%
Luoghi di sepoltura e preghiera sotterranei dei primi cristiani Catacombe
69%
Nome dei sette colli su cui sorge la città Quirinale
69%
Nome dei sette colli su cui sorge la città Palatino
67%
Famosa piazza con la "Fontana dei 4 fiumi" Piazza {Navona}
63%
Nome dei sette colli su cui sorge la città Aventino
59%
Nome dei sette colli su cui sorge la città Esquilino
58%
Anno a cui si fa risalire la fondazione della città per tradizione 753 a.C.
57%
Mercato centrale della città antica {Foro} Romano
57%
Nome dei sette colli su cui sorge la città Capitolino
53%
Regista che ha immortalato Roma ne "La dolce vita" Federico Fellini
53%
Nome dei sette colli su cui sorge la città Viminale
51%
Artista che da il nome all'aeroporto della città Leonardo da Vinci
46%
Nome dei sette colli su cui sorge la città Celio
40%
Scalinata di 174 scalini che sale da Piazza di Spagna Scalinata di {Trinità} {dei} {Monti}
36%
Film del 1953 con Gregory Peck e Audrey Hepburn Vacanze romane
34%
Soprannome con cui è conosciuto l'Altare della Patria Vittoriano
28%
Città gemellata con Roma Parigi
27%
Strada divenuta famosa negli anni sessanta popolata da molti vip Via {Veneto}
16%
Nessun quiz corrispondente trovato
Distribuzione punteggi
Percentuale di utenti per punteggio
Percentile per numero di risposta
I tuoi punteggi nel tempo
Non hai fatto questo quiz